| 000 | 01040nam a2200241Ia 4500 | ||
|---|---|---|---|
| 999 |
_c36416 _d36416 |
||
| 001 | 2330 | ||
| 003 | GE_BSU | ||
| 005 | 20190603152119.0 | ||
| 008 | 181216s2011||||ge |||||||||||||| ||geo|| | ||
| 020 | _a9789994021437 | ||
| 040 | _cGE_BSU | ||
| 041 | _ageo | ||
| 080 | _a930.25(479.223) ც–51 | ||
| 100 |
_aცეცხლაძე, შოთა _91699 |
||
| 245 |
_aრას მოგვითხრობენ საარქივო ჩანაწერები : _bსისხლი და ცრემლი / _cშოთა ცეცხლაძე ; რედ. შოთა მახარაძე. |
||
| 264 |
_aბათუმი : _bს.ს. "გამომცემლობა აჭარა", _c2011. |
||
| 300 |
_a343 გვ. _b20 სმ. |
||
| 504 | _aბიბლიოგრ. ტექსტის შენიშვნებში. | ||
| 653 | _aისტორია | ||
| 653 | _aარქივი | ||
| 700 |
_aმახარაძე, შ. _eრედაქტორი _91981 |
||
| 942 |
_cBK _2udc |
||